| 000 | 00938nam a22003257a 4500 | ||
|---|---|---|---|
| 001 | BR2023000707 | ||
| 003 | BR-BrBNA | ||
| 005 | 20230628110122.0 | ||
| 008 | 230615b bl.||||| |||| 00| 0 por d | ||
| 040 |
_aBR-BrBNA _bpor |
||
| 041 | _apor | ||
| 072 |
_aK10 ; K50 ; P01 _b3000 |
||
| 090 | _a3000 BR2023000707 | ||
| 110 | _aAssociação Mineira de Silvicultura, Belo Horizonte, MG (Brazil) | ||
| 245 | _aFlorestas plantadas: um caminho para o desenvolvimento sustentável | ||
| 260 |
_aBelo Horizonte, MG (Brazil) _c2011 |
||
| 300 | _a48 p. | ||
| 500 | _a47 illus.; 6 tables | ||
| 650 | _aSILVICULTURA | ||
| 650 | _aFLORESTA | ||
| 650 | _aPRODUÇÃO FLORESTAL | ||
| 650 | _aPRODUTO FLORESTAL | ||
| 650 | _aEXPLORAÇÃO FLORESTAL | ||
| 650 | _aREFLORESTAMENTO | ||
| 650 | _aINDÚSTRIA FLORESTAL | ||
| 650 | _aASSOCIATIVISMO | ||
| 650 | _aDESENVOLVIMENTO SUSTENTÁVEL | ||
| 909 |
_a202306 _bFernando |
||
| 942 | _cBK | ||
| 999 |
_c9383 _d9383 |
||